| 000 | 00362nam a2200133Ia 4500 | ||
|---|---|---|---|
| 008 | 231129s1979||||xx |||||||||||||| ||spa|| | ||
| 040 | _bspa | ||
| 082 | _aR 750 B213m | ||
| 100 | _aBanco de la Republica. | ||
| 245 | 0 | _aMuseo de artes plasticas y valores esteticos | |
| 260 | _c1979 | ||
| 264 | _aTalleres Graficos del Banco de la Republica | ||
| 942 |
_2ddc _cBKS |
||
| 999 |
_c21513 _d21513 |
||